Nátierky chutné a osvedčené recepty na každú príležitosť

Bibliographic Details
Main Authors: Winnerová, Alena (Author, Photographer), Winner, Josef (Author, Photographer)
Other Authors: Starek, Dušan (Translator), Doležal, Vladimír (Photographer)
Format: Book
Language:Slovak
Czech
PhysicalDescription:101 s. fareb. fotogr. 25 cm
Published: Bratislava Fortuna Libri 2016
ISBN:9788081426124 (viaz.)
Edition:1. vyd.
Subjects:

MARC

LEADER 00000cam a2200000 a 4500
001 vtls011584442
003 SK-MaSNL
005 20260301140107.0
008 171219s2016 xo o g 000 0 slo
015 |a SNBA2016/12 
020 |a 9788081426124 (viaz.) 
035 |a 42AE8632-1122-4C8F-8812-229889C5DC71 
035 |a urn:nbn:sk:snk-amycmd 
035 |a urn:nbn:sk:snk-am00ch2q 
040 |a SNK  |b slo  |c SNK  |e AACR2 
041 1 |a slo  |h cze 
044 |a xo  |c SK 
072 7 |a 641  |x Kuchárstvo. Potraviny. Varené jedlá  |2 konspekt 
080 |a 641.84  |2 2011 
080 |a (083.12)  |2 2011 
080 |a (048.8)  |2 2011 
100 1 |a Winnerová, Alena  |4 aut  |4 pht  |9 492328 
240 1 0 |a Pomazánky rychlé, dobré a vyzkoušené recepty  |l Slovensky 
245 1 0 |a Nátierky  |b chutné a osvedčené recepty na každú príležitosť  |c Alena Winnerová & Josef Winner ; [preklad Dušan Starek ; fotografie Alena Winnerová, Josef Winner, Vladimír Doležal] 
250 |a 1. vyd. 
260 |a Bratislava  |b Fortuna Libri  |c 2016 
300 |a 101 s.  |b fareb. fotogr.  |c 25 cm 
650 0 7 |a nátierky  |2 SNKPH  |9 67515 
650 0 7 |a Cookery(butter)  |2 SNKPHeng  |9 344341 
655 7 |a kuchárske recepty  |2 SNKPH  |9 70493 
655 7 |a Cookbooks  |2 SNKPHeng  |9 270340 
655 7 |a monografie  |2 SNKPH  |9 70139 
655 7 |a Monographs  |2 SNKPHeng  |9 120675 
700 1 |a Winner, Josef  |4 aut  |4 pht  |9 492329 
700 1 |a Starek, Dušan  |4 trl  |9 338469 
700 1 |a Doležal, Vladimír  |4 pht  |9 387101 
852 |a Štátna vedecká knižnica v Banskej Bystrici 
919 |a 978-80-8142-612-4 
958 |a OP 
968 |b ČES 
999 |c 762439  |d 764369 
952 |a SNK  |b SNK  |y PREZ  |7 0  |p 17A1218702  |o snkSC 172133  |i snk2016/27433  |8 0  |0 0  |1 0  |4 0  |d 2016-11-28  |f 1  |l 0  |r 2025-09-10 00:00:00  |w 2026-02-24 
952 |a SNK  |b SNK  |y VYP  |7 0  |p 17A1218703  |o snkSC 172133 D1  |i snk2016/27434  |8 0  |0 0  |1 0  |4 0  |d 2016-11-28  |l 0  |r 2026-02-24 00:08:53  |w 2026-02-24